<?xml version="1.0" encoding="UTF-8"?>
<record
    xmlns:xsi="http://www.w3.org/2001/XMLSchema-instance"
    xsi:schemaLocation="http://www.loc.gov/MARC21/slim http://www.loc.gov/standards/marcxml/schema/MARC21slim.xsd"
    xmlns="http://www.loc.gov/MARC21/slim">

  <leader>00718cam a2200241u  4500</leader>
  <datafield tag="952" ind1=" " ind2=" ">
    <subfield code="0">0</subfield>
    <subfield code="1">0</subfield>
    <subfield code="2">ddc</subfield>
    <subfield code="4">0</subfield>
    <subfield code="7">0</subfield>
    <subfield code="8">FOR</subfield>
    <subfield code="a">MES</subfield>
    <subfield code="b">MES</subfield>
    <subfield code="c">FOR </subfield>
    <subfield code="d">2021-12-27</subfield>
    <subfield code="e">35</subfield>
    <subfield code="g">2347.00</subfield>
    <subfield code="l">0</subfield>
    <subfield code="o">614.19 TAY/P</subfield>
    <subfield code="p">41324</subfield>
    <subfield code="r">2021-12-27 00:00:00</subfield>
    <subfield code="v">2347.00</subfield>
    <subfield code="w">2021-12-27</subfield>
    <subfield code="y">BK</subfield>
    <subfield code="z">GL51R4</subfield>
  </datafield>
  <datafield tag="999" ind1=" " ind2=" ">
    <subfield code="c">41375</subfield>
    <subfield code="d">41375</subfield>
  </datafield>
  <controlfield tag="001">9734775</controlfield>
  <controlfield tag="003">OSt</controlfield>
  <controlfield tag="005">20211124104143.0</controlfield>
  <controlfield tag="008">830202s1873    enka          000 0 eng  </controlfield>
  <datafield tag="010" ind1=" " ind2=" ">
    <subfield code="a">   43035833 </subfield>
  </datafield>
  <datafield tag="020" ind1=" " ind2=" ">
    <subfield code="a">9781344691468</subfield>
  </datafield>
  <datafield tag="040" ind1=" " ind2=" ">
    <subfield code="a">DLC</subfield>
    <subfield code="c">CarP</subfield>
    <subfield code="d">DLC</subfield>
  </datafield>
  <datafield tag="050" ind1="0" ind2="0">
    <subfield code="a">RA1051</subfield>
    <subfield code="b">.T22 1873</subfield>
  </datafield>
  <datafield tag="082" ind1=" " ind2=" ">
    <subfield code="a">614.19</subfield>
    <subfield code="b">TAY/P</subfield>
  </datafield>
  <datafield tag="100" ind1="1" ind2=" ">
    <subfield code="a">Taylor, Alfred Swaine,</subfield>
    <subfield code="d">1806-1880</subfield>
    <subfield code="9">8927</subfield>
  </datafield>
  <datafield tag="245" ind1="0" ind2="4">
    <subfield code="a">Principles and practice of medical jurisprudence : Vol. 2</subfield>
  </datafield>
  <datafield tag="250" ind1=" " ind2=" ">
    <subfield code="a">2d ed.</subfield>
  </datafield>
  <datafield tag="260" ind1=" " ind2=" ">
    <subfield code="a">London,</subfield>
    <subfield code="b">J. &amp; A. Churchill,</subfield>
    <subfield code="c">1873.</subfield>
  </datafield>
  <datafield tag="300" ind1=" " ind2=" ">
    <subfield code="a">volume II</subfield>
    <subfield code="b">illus.</subfield>
    <subfield code="c">22 cm.</subfield>
  </datafield>
  <datafield tag="650" ind1=" " ind2="0">
    <subfield code="a">Medical jurisprudence.</subfield>
  </datafield>
  <datafield tag="650" ind1=" " ind2="0">
    <subfield code="a">Poisons.</subfield>
  </datafield>
  <datafield tag="942" ind1=" " ind2=" ">
    <subfield code="2">ddc</subfield>
    <subfield code="c">BK</subfield>
    <subfield code="h">614.19</subfield>
    <subfield code="i">TAY/P</subfield>
    <subfield code="k">614.19</subfield>
    <subfield code="m">TAY/P</subfield>
  </datafield>
</record>
